Vendes a preu rebaixat, vendes en liquidació i saldos. Els preus de venda al públic /
Descripción Física:
25 p. ; 21 cm
Colección:
Consum (Barcelona (Catalunya : Província). Diputació)
; 11
Idioma:
Catalán
MARC
| LEADER | 00000nam a2200000Ia 4500 | ||
|---|---|---|---|
| 001 | 12572 | ||
| 003 | Arxiu | ||
| 005 | 20260324175414.0 | ||
| 008 | 160829s1997 spc xx s cat c | ||
| 040 | |a AGDB | ||
| 041 | |a cat | ||
| 080 | |a FU-14-11 | ||
| 100 | 1 | |a García Sánchez, Isidoro-G. |9 32050 | |
| 245 | 1 | 0 | |a Vendes a preu rebaixat, vendes en liquidació i saldos. Els preus de venda al públic / |c Isidoro G. García Sánchez |
| 260 | |a Barcelona : |b Diputació de Barcelona. Servei de Salut Pública i Consum, |c 1997 | ||
| 300 | |a 25 p. ; |c 21 cm | ||
| 490 | 1 | |a Consum ; |v 11 | |
| 650 | |a Preus |x Dret i legislació |x Catalunya |9 32051 | ||
| 650 | |a Rebaixes |x Dret i legislació |x Catalunya |9 32052 | ||
| 710 | |a Barcelona (Catalunya : Província). |b Servei de Salut Pública i Consum |9 8151 | ||
| 830 | 0 | |9 56020 |a Consum (Barcelona (Catalunya : Província). Diputació) |v 11 | |
| 901 | |a Arxiu | ||
| 942 | |n 1 |2 udc |c ARXIU | ||
| 952 | |0 0 |1 0 |4 0 |6 FU1411 |7 1 |9 45849 |a Arxiu |b Arxiu |d 2016-12-01 |l 0 |o FU-14-11 |p 12572 |r 2016-12-01 00:00:00 |w 2016-12-01 |y ARXIU | ||
| 999 | |c 49349 |d 49349 | ||